MUSIKCHARTS: Deutsche TOP-100-Jahrescharts 2000 - Statistiken

Allgemein
  • Dieses Quiz wurde 327 mal gespielt
  • Das Durchschnittsergebnis liegt bei 25 aus 100
Antwortstatistiken
Platz Interpret Lied % Korrekt
1 Anton feat. DJ Ötzi Anton aus Tirol
86%
91 Anton feat. DJ Ötzi Gemma Bier trinken...
86%
10 Britney Spears Lucky
84%
15 Britney Spears Oops!... I Did It Again
84%
36 Britney Spears Born To Make You Happy
84%
60 DJ Ötzi Hey Baby (uhh, ahh)
82%
48 Das Bo Türlich, türlich (sicher, Dicker)
77%
44 Eminem The Real Slim Shady
73%
27 Stefan Raab Maschen-Draht-Zaun
66%
77 Stefan Raab Wadde hadde dudde da?
66%
5 Bon Jovi It's My Life
65%
46 Backstreet Boys Shape Of My Heart
52%
56 Backstreet Boys Show Me The Meaning Of Being Lonely
52%
78 Robbie Williams Rock DJ
52%
38 Darude Sandstorm
49%
75 Stefan Raab feat. DJ Bundeskanzler Ho mir ma ne Flasche Bier (Schluck, Schluck, Schluck)
48%
20 Metallica Metallica with Michael Kamen conducting the San Francisco Symphony Orchestra
46%
47 Papa Roach Last Resort
46%
16 Madonna American Pie
42%
30 Madonna Music
42%
50 *N Sync Bye Bye Bye
40%
28 Tom Jones and Mousse T. Sex Bomb
40%
13 Reamonn Supergirl
39%
64 Jennifer Lopez Let's Get Loud
38%
70 Echt Weinst du
37%
73 Echt Junimond
37%
71 Blink 182 All The Small Things
36%
18 Gigi D'Agostino Bla Bla Bla
35%
23 Gigi D'Agostino The Riddle
35%
54 Gigi D'Agostino La passion
35%
79 Gigi D'Agostino Another Way
35%
2 Rednex The Spirit Of The Hawk
35%
76 Die Toten Hosen Bayern
34%
6 Zlatko Ich vermiss' dich... (wie die Hölle)
31%
7 Santana feat. The Product G&B Maria Maria
30%
66 Die Ärzte Wie es geht
27%
3 ATC Around The World (La La La La La)
25%
41 ATC My Heart Beats Like A Drum (Dam Dam Dam)
25%
37 Anastacia I'm Outta Love
24%
59 Ronan Keating Life Is A Rollercoaster
23%
19 HIM Join Me
22%
33 Jan Delay a. k. a. Eissfeldt feat. Dennis Dubplate / Absolute Beginner Irgendwie, irgendwo, irgendwann
21%
45 Christian Es ist geil ein Arschloch zu sein
20%
67 Deichkind feat. Nina Bon voyage
20%
26 Moby Why Does My Heart Feel So Bad?
19%
4 Bomfunk MCs Freestyler
18%
14 Melanie C I Turn To You
17%
24 Melanie C feat. Lisa "Left Eye" Lopes Never Be The Same Again
17%
32 Sting feat. Cheb Mami Desert Rose
16%
17 Vengaboys Shalala Lala
16%
39 Limp Bizkit Take A Look Around
15%
34 Söhne Mannheims Geh davon aus...
13%
84 Toploader Dancing In The Moonlight
13%
43 Whitney Houston & Enrique Iglesias Could I Have This Kiss Forever
13%
55 A*Teens Super Trouper
12%
12 Die 3. Generation Leb!
12%
90 Die 3. Generation Ich will, dass du mich liebst
12%
9 Ayman Mein Stern
11%
94 Ayman Nur eine Nacht
11%
31 Eiffel 65 Move Your Body
11%
51 Olsen Brothers Fly On The Wings Of Love
11%
63 Tic Tac Toe Isch liebe disch
11%
8 Zlatko & Jürgen Großer Bruder
11%
52 Modjo Lady (Hear Me Tonight)
10%
83 Céline Dion That's The Way It Is
9%
21 Orange Blue She's Got That Light
9%
40 Aaliyah Try Again
8%
72 Alex [Big Brother] Ich will nur dich
8%
25 The Underdog Project Summer Jam
8%
95 DJ Tomekk feat. GZA, Curse, Prodigal Sunn & Stieber Twins Ich lebe für Hip Hop
7%
11 French Affair My Heart Goes Boom (La Di Da Da)
7%
85 H-Blockx vs. Dr. Ring-Ding Ring Of Fire
7%
57 Manu Chao avec Anouk Bongo Bong - Je ne t'aime plus
7%
29 R. Kelly If I Could Turn Back The Hands Of Time
7%
99 R. Kelly I Wish
7%
92 Sisqó Thong Song
7%
82 Loona Latino Lover
6%
74 Marque One To Make Her Happy
6%
65 S Club 7 Bring It All Back
6%
97 Aqua Cartoon Heroes
5%
62 Böhse Onkelz Dunkler Ort
5%
22 Sonique It Feels So Good
5%
53 Vanessa Amorosi Absolutely Everybody
5%
35 Band ohne Namen Take My Heart
4%
93 Berger Zeig mir dein Gesicht
4%
98 Gabrielle Rise
4%
61 Jeanette Go Back...
4%
87 Marc Anthony You Sang To Me
4%
89 Thomas D Liebesbrief
4%
80 Macy Gray I Try
3%
42 Mauro Picotto Komodo
3%
49 Highland Bella stella
2%
100 Laura Immer wieder
2%
86 Lionel Richie Angel
2%
88 Music Instructor feat. Dean Super Fly (Upper MC)
2%
68 Prezioso feat. Marvin Tell Me Why
2%
81 Hypetraxx The Darkside
1%
96 Lara Fabian I Will Love Again
1%
69 Paffendorf Where Are You
1%
58 Five + Queen We Will Rock You
0%
Keine übereinstimmenden Quizze gefunden
Verteilung der Resultate
Anzahl Personen mit jedem Resultat
Perzentil nach korrekt beantworteten Fragen
Ihre Resultats-Entwicklung
Sie haben dieses Quiz noch nicht gespielt